La Internacionalización de la lucha Centroamericana. El papel de los Estados Unidos y otros actores
Сохранить в:
| Главный автор: | |
|---|---|
| Формат: | Текст |
| Опубликовано: |
San José:
CSUCA
|
| Метки: |
Добавить метку
Нет меток, Требуется 1-ая метка записи!
|
MARC
| LEADER | 00000 a a2200000 04500 | ||
|---|---|---|---|
| 001 | 21575 | ||
| 003 | |||
| 040 | |||
| 090 | |a 095700 | ||
| 100 | |a Rosenberg, Mark B. | ||
| 245 | |a La Internacionalización de la lucha Centroamericana. El papel de los Estados Unidos y otros actores | ||
| 260 | |a San José: |b CSUCA | ||
| 300 | |a 8 p | ||
| 999 | |c 11592 |d 11592 | ||
